[Event "OP-2012-0-02166"]
[Site "LSS email"]
[Date "2012.04.25"]
[Round "?"]
[White "Miko, Lukas"]
[Black "Urbaniak, Marcin"]
[Result "0-1"]
[WhiteElo "800"]
[BlackElo "1559"]
[PlyCount "30"]
[EventDate "2012.04.21"]
[EventType "tourn (corr)"]
[EventRounds "4"]
[EventCountry "GER"]
[SourceTitle "Corr 2015"]
[Source "ChessBase"]
[SourceDate "2015.07.17"]
[SourceVersion "1"]
[SourceVersionDate "2015.07.17"]
[SourceQuality "1"]

1. d4 d5 2. c4 c6 3. Nf3 Nf6 4. Nc3 Bf5 5. cxd5 cxd5 6. Qb3 Qb6 7. Nxd5 Nxd5 8. Qxd5 e6 9. Qb3 Bd6 10. Qxb6 axb6 11. e3 0-0 12. Nd2 Nc6 13. Nc4 Bc7 14. Bd2 Rfd8 15. Be2 e5 0-1